000 00592nam a22002171a 4500
001 7021
003 OSt
005 20260204212113.0
008 060929s1980||||mx ||||||b||||||||||spa||
020 _a6386046917
050 _a636.2 W249c
100 _aWarroick, Everett Jemes
245 _aCría y mejoramiento de ganado / Everett Jemes Warroick y James Edward Legales
250 _a3
264 _aMéxico : McGraw-Hill
300 _a623 p
500 _aIncluye indice
650 _a1.Ganado - Producción Animal 2.Agropecuaria
700 _aLegales, James EdwardÌ
942 _2ddc
_cBK
999 _c7021
_d7021